000 00576nam a2200229Ia 4500
003 OSt
005 20221005131605.0
006 a|||||r|||| 00| 0
007 ta
008 221004b |||||||| |||| 00| 0 mal d
024 _a59141
037 _cTextual
040 _aCRL
_cCRL
_bmal
041 _2mal
_amal
082 _aR65,6, 32K7
100 _aSri swami prakasananda
_9639846
245 0 _aSrimad bhagavad gita
260 _c1967
650 _aPHILOSOPHY
942 _hR65,6, 32K7
_cTEXL
_2cc
999 _c1060824
_d1060824